Online
Catalog

Economía y trabajo en América Latina / (Record no. 25156)

MARC details
000 -CABECERA
campo de control de longitud fija 00987nam a2200241 a 4500
001 - NÚMERO DE CONTROL
campo de control 000025664
005 - FECHA Y HORA DE LA ÚLTIMA TRANSACCIÓN
campo de control 20200930023944.0
008 - DATOS DE LONGITUD FIJA--INFORMACIÓN GENERAL
campo de control de longitud fija 110218s1974 cl ad r 000 0 spa d
040 ## - FUENTE DE LA CATALOGACIÓN
Centro catalogador/agencia de origen DO-SdBNP
Lengua de catalogación spa
Centro/agencia transcriptor BNPHU
082 ## - NÚMERO DE LA CLASIFICACIÓN DECIMAL DEWEY
Número de clasificación xxxxx
Número de documento/Ítem R175e
049 ## - FONDOS LOCALES (OCLC)
Fondos de biblioteca BNGR
100 1# - ENTRADA PRINCIPAL--NOMBRE DE PERSONA
Nombre de persona Ramos, Joseph R.
9 (RLIN) 52409
245 10 - MENCIÓN DE TÍTULO
Título Economía y trabajo en América Latina /
Mención de responsabilidad, etc. Joseph R. Ramos ; prólogo Albert G. Hart ; traducción Carlos Aníbal Leal.
260 ## - PUBLICACIÓN, DISTRIBUCIÓN, ETC.
Lugar de publicación, distribución, etc. Buenos Aires, Chile :
Nombre del editor, distribuidor, etc. Marymar,
Fecha de publicación, distribución, etc. 1974.
300 ## - DESCRIPCIÓN FÍSICA
Extensión 249 p. :
Otras características físicas il., diagrs. ;
Dimensiones 23 cm.
490 1# - MENCIÓN DE SERIE
Mención de serie Biblioteca de economía
500 ## - NOTA GENERAL
Nota general Incluye referencias bibliográficas p. [243-249].
504 ## - NOTA DE BIBLIOGRAFÍA, ETC.
Nota de bibliografía, etc. Incluye referencias bibliográficas y notas al pie de las páginas.
534 ## - NOTA SOBRE LA VERSIÓN ORIGINAL
Frase introductoria Título original :
Mención de título del original Labor and development in Latin America.
Publicación, distribución, etc. del original New York : Columbia University Press, 1968, 1970.
700 1# - PUNTO DE ACCESO ADICIONAL--NOMBRE DE PERSONA
Nombre de persona Hart, Albert G.,
Término indicativo de función/relación pról.
9 (RLIN) 52410
700 1# - PUNTO DE ACCESO ADICIONAL--NOMBRE DE PERSONA
Nombre de persona Leal, Carlos Aníbal,
Término indicativo de función/relación tr.
9 (RLIN) 52411
830 #0 - PUNTO DE ACCESO ADICIONAL DE SERIE-TÍTULO UNIFORME
Título uniforme Biblioteca de economía
9 (RLIN) 52412
Holdings
Estado de retiro Estado de pérdida Restricciones de uso No para préstamo Código de colección Localización permanente Ubicación/localización actual Ubicación en estantería Fecha de adquisición Número de inventario Total de préstamos Signatura topográfica completa Código de barras Fecha visto por última vez Precio válido a partir de Tipo de ítem Koha
        Monografías: Libros y Folletos General General En catalogación 18.02.2011 LF1   xxxxx R175e 25664-10 25.06.2020 25.06.2020 Préstamo en sala

Powered by Koha